000 00576nam a2200217Ia 4500
005 20250508164528.0
008 008 250505s9999 xx 000 0 eng d
037 _aTextBook
040 _aFEDL
_beng
_cFEDL
041 _aeng
_2eng
084 _a370.1, KRI/R
_qFEDL
100 _aKrishnamurti J
245 0 _aLetters to the schools
260 _aMadars, India
_bKrishnamurti Foundation
_c1997
300 _a103p.
365 _aINR
_b40
546 _aMACESE
650 _aEducational philosophy
942 _cTB
_h370.1, KRI/R
999 _c1389610
_d1389610